000 00350nam a22001337a 4500
008 250306b |||||||| |||| 00| 0 eng d
020 _a9781604699735
050 _aSB951.145
_b.B68
100 _aBrekke Stan
245 _aBotanical Pesticide for Pest Management
260 _aNew Orteans
_bWhite Press Academy
_c2021
300 _axi,319p
942 _cBK
999 _c2112
_d2112